Quest beyond religion / (Record no. 64716)

MARC details
000 -LEADER
fixed length control field 00409nam a22001457a 4500
005 - DATE AND TIME OF LATEST TRANSACTION
control field 20180810150327.0
020 ## - INTERNATIONAL STANDARD BOOK NUMBER
International Standard Book Number 8122007139
Terms of availability 00.00
035 ## - SYSTEM CONTROL NUMBER
System control number B-219788, B-219790
037 ## - SOURCE OF ACQUISITION
Stock number DPL
Source of stock number/acquisition ENG
100 ## - MAIN ENTRY--PERSONAL NAME
Personal name Singh, I.M.
245 ## - TITLE STATEMENT
Title Quest beyond religion /
Statement of responsibility, etc by I.M. Singh
260 ## - PUBLICATION, DISTRIBUTION, ETC. (IMPRINT)
Place of publication, distribution, etc Delhi
Name of publisher, distributor, etc Konark Publishers Pvt Ltd.
Date of publication, distribution, etc 2006
300 ## - PHYSICAL DESCRIPTION
Extent xvii, 315p.
Dimensions 22 cms.
942 ## - ADDED ENTRY ELEMENTS (KOHA)
Source of classification or shelving scheme Dewey Decimal Classification
Item type English Books
Classification part 291
Call number suffix SIN
Holdings
Withdrawn status Lost status Not for loan Collection code Home library Current library Date acquired Cost, normal purchase price Full call number Barcode Cost, replacement price Koha item type Source of acquisition
      Non-fiction Sarojini Nagar Sarojini Nagar 04/04/2012 0.00 291 SIN B-219788 0.00 English Books  
      Non-fiction Shahdara Branch Shahdara Branch 10/08/2018 500.00 291 SIN B-219790 500.00 English Books BPPD/PUB

© Delhi Public Library
Hit Counter
free hit counter